000 01221pab a2200181 454500
008 180718b2004 xxu||||| |||| 00| 0 eng d
100 _aVittal, N.
245 _aScope for resource mobilisation and expenditure control: A pragmatic approach
260 _c2004
300 _ap.531-542.
362 _aJul-Sep
520 _aThe basic problem in resource mobilisation and expenditure control is to find out a formula by which good economics is also good politics. Till now, inspite of not so healthy fiscal trends, political considerations have restrained some pragmatic and much needed reforms and restructuring measures. With the advent of coalition politics and the changing political paradigm, the strategy for resource mobilisation and expenditure control has to be free from parochial considerations and politically neutral. Besides the political will to rationalise expenditure policies, it is imperative that some novel approaches are adopted to locate areas of waste and implement innovative measures for controlling wasteful expenditure. - Reproduced.
650 _aResources management
650 _aPublic expenditure
773 _aIndian Journal of Public Administration
908 _aN
909 _a63065
999 _c63065
_d63065